00511nam a2200193 a 4500001001300000003000900013005001700022008004100039020001000080082001700090100002000107245003900127260004900166300000900215500003500224505001700259650002100276700002000297nice12345678IN_TiNIC20260116011434.0050524s1900 newa grp 000 0 eng  ac10800a808.042bPER aPerrin, Poter G aWriters Guide and Index to English aNew YorkbScott, Foresmand and Companyc1900 a833p aincludes index and biblioraphy2 aBibliography aRhetoric-English1 aPerrin, Poter G